| 000 | 00318nam a22001217a 4500 | ||
|---|---|---|---|
| 082 | _a380 SBP | ||
| 100 | _aState Bank of Pakistan | ||
| 245 |
_aExport of goods and services July 2006 _cState Bank of Pakistan |
||
| 260 |
_aKarachi _bState Bank of Pakistan _c2006 |
||
| 300 | _a156p | ||
| 563 | _aP.B | ||
| 942 |
_2ddc _cBK |
||
| 999 |
_c588792 _d588792 |
||